[Event "Titled Tuesday intern op 06th Feb Early"]
[Site "Chess.com INT"]
[Date "2024.02.06"]
[Round "3"]
[White "Lianes Garcia, Marcos"]
[Black "Bluebaum, Matthias"]
[Result "1/2-1/2"]
[WhiteElo "2394"]
[BlackElo "2658"]
[PlyCount "158"]
[EventDate "2024.02.06"]
[EventType "swiss (blitz)"]
[EventRounds "11"]
[EventCountry "USA"]
[SourceTitle "CB07_2024"]
[SourceDate "2024.02.14"]
[SourceVersion "1"]
[SourceVersionDate "2024.02.14"]
[SourceQuality "1"]

1. e4 e6 2. d4 d5 3. exd5 exd5 4. Bd3 Nc6 5. Nf3 Nb4 6. Be2 Bf5 7. Na3 Nc6 8. 0-0 Bxa3 9. bxa3 Nge7 10. c4 0-0 11. h3 Re8 12. Bf4 Qd7 13. c5 Ng6 14. Bg3 Re7 15. Bb5 a6 16. Ba4 Rae8 17. Qb3 Rb8 18. Rfe1 Be4 19. Ne5 Ngxe5 20. Bxe5 Bg6 21. Qc3 Qf5 22. Bxc6 bxc6 23. Bg3 Rbe8 24. Rxe7 Rxe7 25. Re1 Re6 26. Rxe6 fxe6 27. Qe3 Qe4 28. Qxe4 Bxe4 29. Bxc7 Bb1 30. Be5 Bxa2 31. f3 g5 32. Kf2 Kf7 33. g4 Kg6 34. Ke3 Bc4 35. Kf2 Bd3 36. Bd6 Bb5 37. Be5 Ba4 38. Bd6 Bb3 39. Be5 Bc4 40. Bd6 Bb5 41. Be5 a5 42. Bd6 a4 43. Be5 Bc4 44. Bd6 h6 45. Be5 Bb5 46. Bd6 Ba6 47. Be5 Bc8 48. Bd6 Bd7 49. Be5 Kh7 50. Bd6 Bc8 51. Be5 Bb7 52. Bd6 Ba6 53. Be5 Bb5 54. Bd6 Bc4 55. Be5 Bd3 56. Bd6 Bc2 57. Be5 Bb1 58. Bd6 Ba2 59. Be5 Bc4 60. Bd6 Kg6 61. Be5 h5 62. Bd6 Bd3 63. Be5 Bc2 64. Bd6 Bb3 65. Bc7 Bc4 66. Bd6 Ba6 67. Bc7 Bb5 68. Bd6 hxg4 69. hxg4 Bc4 70. Be5 Bb3 71. Ke3 Bd1 72. Bd6 Kf7 73. Be5 Kg6 74. Bd6 Kf7 75. Kf2 Kf6 76. Ke3 Bb3 77. Kf2 Kg6 78. Ke3 Bc2 79. Be5 Bd1 1/2-1/2

[Event "Speed Chess Q2 Sw"]
[Site "Chess.com INT"]
[Date "2023.08.23"]
[Round "6"]
[White "Lianes Garcia, Marcos"]
[Black "Paravyan, David"]
[Result "1/2-1/2"]
[WhiteElo "2391"]
[BlackElo "2597"]
[PlyCount "131"]
[EventDate "2023.08.23"]
[EventType "swiss (blitz)"]
[EventRounds "14"]
[EventCountry "USA"]
[SourceTitle "CBM 215 Extra"]
[Source "ChessBase"]
[SourceDate "2023.09.30"]
[SourceVersion "1"]
[SourceVersionDate "2023.09.30"]
[SourceQuality "1"]

1. e4 e5 2. g3 d5 3. Bg2 dxe4 4. Bxe4 Nf6 5. Bg2 Bc5 6. Ne2 Nc6 7. Nbc3 Bf5 8. d3 Qd7 9. h3 h5 10. Be3 Bb6 11. Qd2 0-0-0 12. 0-0-0 Nd4 13. Kb1 Rhe8 14. Nc1 Kb8 15. Nb3 a6 16. Bg5 Be6 17. Nxd4 exd4 18. Ne2 Qb5 19. Bxf6 gxf6 20. Nc1 a5 21. a3 a4 22. Qb4 Qxb4 23. axb4 f5 24. Rhe1 h4 25. Ne2 hxg3 26. fxg3 Rg8 27. Bf3 c6 28. h4 Bc7 29. Rg1 Rg7 30. Rdf1 Rdg8 31. Nxd4 Bxg3 32. h5 Bd6 33. Rxg7 Rxg7 34. Rh1 Bxb4 35. h6 Rh7 36. Rh5 Bf8 37. Nxf5 f6 38. Be4 Bxf5 39. Bxf5 Rxh6 40. Rxh6 Bxh6 41. c3 Kc7 42. d4 Kd6 43. Kc2 c5 44. dxc5+ Kxc5 45. Bc8 b6 46. Bd7 b5 47. Kd3 Bc1 48. Kc2 Bf4 49. Kd3 Be5 50. Kc2 Kb6 51. Kb1 Ka5 52. Ka2 b4 53. cxb4+ Kxb4 54. Kb1 Kb3 55. Be6+ Kb4 56. Ka2 Bc7 57. Bd7 Bb6 58. Bf5 Bd4 59. Bd7 Be5 60. Bf5 Bxb2 61. Kxb2 Kc4 62. Ka2 Kd5 63. Ka3 Ke5 64. Bc8 f5 65. Bxf5 Kxf5 66. Kxa4 1/2-1/2

[Event "Speed Chess Q2 Sw"]
[Site "Chess.com INT"]
[Date "2023.08.23"]
[Round "9"]
[White "Lianes Garcia, Marcos"]
[Black "Pastar, Slaven"]
[Result "0-1"]
[WhiteElo "2391"]
[BlackElo "2357"]
[PlyCount "70"]
[EventDate "2023.08.23"]
[EventType "swiss (blitz)"]
[EventRounds "14"]
[EventCountry "USA"]
[SourceTitle "CBM 215 Extra"]
[Source "ChessBase"]
[SourceDate "2023.09.30"]
[SourceVersion "1"]
[SourceVersionDate "2023.09.30"]
[SourceQuality "1"]

1. e4 b6 2. g3 Bb7 3. Bg2 g6 4. Ne2 Bg7 5. 0-0 e6 6. d4 Ne7 7. c4 d6 8. Nbc3 Nd7 9. Be3 0-0 10. Qd2 Re8 11. h3 e5 12. Kh2 exd4 13. Nxd4 Nc6 14. Rfe1 a5 15. b3 Nc5 16. Rad1 h5 17. Ndb5 Qd7 18. Nd5 Rac8 19. Bh6 Bh8 20. Qf4 Re6 21. h4 Ne5 22. Bh3 Ng4+ 23. Bxg4 hxg4 24. Qxg4 Nxe4 25. Rxe4 f5 26. Rxe6 fxg4 27. Rde1 Bxd5 28. cxd5 Qxb5 29. Bg5 Qd3 30. R1e4 Be5 31. Rxg4 Qxd5 32. Rxg6+ Kf7 33. Be3 Qd3 34. h5 Rh8 35. R6g5 Bf6 0-1

[Event "Oviedo op 9th"]
[Site "Oviedo"]
[Date "2023.07.25"]
[Round "2"]
[White "Lianes Garcia, Marcos"]
[Black "Hueck, Marvin Constantin"]
[Result "1-0"]
[WhiteElo "2407"]
[BlackElo "2066"]
[PlyCount "69"]
[EventDate "2023.07.24"]
[EventType "swiss"]
[EventRounds "9"]
[EventCountry "ESP"]
[SourceTitle "CBM 215 Extra"]
[Source "ChessBase"]
[SourceDate "2023.09.30"]
[SourceVersion "1"]
[SourceVersionDate "2023.09.30"]
[SourceQuality "1"]

1. e4 e6 2. d4 d5 3. Nd2 h6 4. Ngf3 Nf6 5. Bd3 c5 6. exd5 Nxd5 7. 0-0 Nc6 8. Nb3 cxd4 9. Nbxd4 Nxd4 10. Nxd4 Bd6 11. Bb5+ Bd7 12. c4 Nc7 13. Qg4 Nxb5 14. Nxb5 Bxb5 15. cxb5 Qf6 16. Be3 h5 17. Qa4 0-0 18. Rad1 Qe7 19. g3 a6 20. a3 axb5 21. Qxb5 h4 22. Rd4 hxg3 23. hxg3 Rfc8 24. Rfd1 Rc5 25. Qd3 Rd5 26. Rxd5 exd5 27. Qxd5 Bxg3 28. Bc5 Qh4 29. fxg3 Qxg3+ 30. Qg2 Qh4 31. Bf2 Qf6 32. Bd4 Qh6 33. Rd3 Ra6 34. Rg3 Qc1+ 35. Qf1 1-0

[Event "Madrid-chT Honor 2223"]
[Site "Madrid"]
[Date "2023.02.12"]
[Round "9.4"]
[White "Lianes Garcia, Marcos"]
[Black "Perdomo Araujo, Angel Eduardo"]
[Result "1-0"]
[WhiteElo "2409"]
[BlackElo "2071"]
[PlyCount "89"]
[EventDate "2022.11.20"]
[EventType "team-tourn"]
[EventRounds "14"]
[EventCountry "ESP"]
[SourceTitle "EXT 2024"]
[Source "ChessBase"]
[SourceDate "2023.10.10"]
[SourceVersion "1"]
[SourceVersionDate "2023.10.10"]
[SourceQuality "1"]
[WhiteTeam "Collado Villalba"]
[BlackTeam "Villalba 64"]
[WhiteTeamCountry "ESP"]
[BlackTeamCountry "ESP"]

1. d4 Nf6 2. c4 g6 3. Nc3 d5 4. Nf3 Bg7 5. Bf4 c5 6. dxc5 Qa5 7. cxd5 Nxd5 8. Qxd5 Bxc3+ 9. Bd2 Be6 10. Bxc3 Qxc3+ 11. bxc3 Bxd5 12. 0-0-0 Bxa2 13. e4 0-0 14. Kb2 Be6 15. Ng5 Bd7 16. Bc4 e6 17. e5 Bc6 18. Rhe1 h6 19. Ne4 Kg7 20. Nf6 Bxg2 21. f4 Na6 22. Rd2 Bc6 23. Bxa6 bxa6 24. Ra1 Rab8+ 25. Kc2 Bb5 26. c4 Bc6 27. Rxa6 Rfc8 28. Rd6 Bh1 29. Rxa7 Rb7 30. Rxb7 Bxb7 31. Rb6 Bg2 32. Kc3 Rxc5 33. Rb8 h5 34. Kb4 Rc6 35. Kb5 Bf3 36. h4 Bg2 37. Rd8 Kh6 38. Rh8+ Kg7 39. Rg8+ Kh6 40. Ne8 Kh7 41. Rg7+ Kh8 42. Rxf7 Kg8 43. Rf6 Kh7 44. Nd6 Rc7 45. Rxe6 1-0

[Event "Titled Tuesday intern op 07th Feb Early"]
[Site "Chess.com INT"]
[Date "2023.02.07"]
[Round "10"]
[White "Lianes Garcia, Marcos"]
[Black "Gharibyan, Mamikon"]
[Result "1/2-1/2"]
[WhiteElo "2411"]
[BlackElo "2486"]
[PlyCount "63"]
[EventDate "2023.02.07"]
[EventType "swiss (blitz)"]
[EventRounds "11"]
[EventCountry "USA"]
[SourceTitle "EXT 2024"]
[Source "ChessBase"]
[SourceDate "2023.10.10"]
[SourceVersion "1"]
[SourceVersionDate "2023.10.10"]
[SourceQuality "1"]

1. e4 e5 2. g3 Nf6 3. Bg2 Bc5 4. Ne2 0-0 5. 0-0 d5 6. exd5 Nxd5 7. d4 exd4 8. Nxd4 Nb4 9. c3 Bxd4 10. cxd4 c6 11. Nc3 Bf5 12. Be3 Re8 13. d5 Nc2 14. Rc1 Nxe3 15. fxe3 Bg6 16. Qd4 Qb6 17. Na4 Qxd4 18. exd4 h5 19. Nc5 cxd5 20. Bxd5 Nc6 21. Bxc6 bxc6 22. Rfe1 Red8 23. Nb3 a5 24. Rc4 Rab8 25. Kf2 Kh7 26. Re5 Rd5 27. Rxd5 cxd5 28. Ra4 Bc2 29. Rxa5 Bxb3 30. axb3 Rxb3 31. Rxd5 Rxb2+ 32. Kg1 1/2-1/2